Jaki to Raper #1 - Statystyki

Ogólne statystyki
  • Ten quiz został rozwiązany 302 razy
  • Średni wynik to 10 z 16
Statystyki odpowiedzi
Obrazkowy Odpowiedź % Poprawnych
Bedoes
97%
White 2115
92%
Białas
91%
Jan Rapowanie
86%
Sarius
77%
Solar
77%
Fukaj
72%
Peja
71%
Avi
70%
Pezet
56%
Kaz Bałagane
55%
Bonus RPK
47%
Kaen
43%
Major SPZ
37%
AdMa
30%
Louis Villain
30%
Nie znaleziono quizów pasujących do podanych kryteriów
Rozkład punktacji
Procent ludzi z każdym wynikiem
Percentyl według liczby udzielonych odpowiedzi
Twoja historia wyników
Nie rozwiązałeś tego quizu